<?xml version="1.0" encoding="UTF-8"?>
<record
    xmlns:xsi="http://www.w3.org/2001/XMLSchema-instance"
    xsi:schemaLocation="http://www.loc.gov/MARC21/slim http://www.loc.gov/standards/marcxml/schema/MARC21slim.xsd"
    xmlns="http://www.loc.gov/MARC21/slim">

  <leader>00625nam a22001577a 4500</leader>
  <controlfield tag="003">OSt</controlfield>
  <controlfield tag="005">20151104102502.0</controlfield>
  <controlfield tag="008">151104b        xxu||||| |||| 00| 0 eng d</controlfield>
  <datafield tag="040" ind1=" " ind2=" ">
    <subfield code="c">RUA</subfield>
  </datafield>
  <datafield tag="082" ind1=" " ind2=" ">
    <subfield code="a">FOR NGU 1996 B122 Or.1</subfield>
  </datafield>
  <datafield tag="100" ind1=" " ind2=" ">
    <subfield code="9">3324</subfield>
    <subfield code="a">NGUON, BUNNARA.</subfield>
  </datafield>
  <datafield tag="245" ind1=" " ind2=" ">
    <subfield code="a">Mangrove forest's resouce for rural development in dungtiong district, koh kong province (&#x1792;&#x1793;&#x1792;&#x17B6;&#x1793;&#x1796;&#x17D2;&#x179A;&#x17C3;&#x1780;&#x17C4;&#x1784;&#x1780;&#x17B6;&#x1784;&#x1780;&#x17D2;&#x1793;&#x17BB;&#x1784;&#x1780;&#x17B6;&#x179A;&#x17A2;&#x1797;&#x17B7;&#x179C;&#x178C;&#x17D2;&#x1783;&#x1793;&#x17CF;&#x1787;&#x1793;&#x1794;&#x1791;&#x179F;&#x17D2;&#x179A;&#x17BB;&#x1780;&#x178A;&#x1784;&#x1791;&#x17BB;&#x1784;&#x1781;&#x17C1;&#x178F;&#x17D2;&#x178F;&#x1780;&#x17C4;&#x17C7;&#x1780;&#x17BB;&#x1784;)</subfield>
  </datafield>
  <datafield tag="260" ind1=" " ind2=" ">
    <subfield code="a">Phnom Penh </subfield>
    <subfield code="b">RUA</subfield>
    <subfield code="c">1996</subfield>
  </datafield>
  <datafield tag="300" ind1=" " ind2=" ">
    <subfield code="a">61p.</subfield>
    <subfield code="b">ill.</subfield>
    <subfield code="c">29cm.</subfield>
  </datafield>
  <datafield tag="942" ind1=" " ind2=" ">
    <subfield code="2">ddc</subfield>
    <subfield code="c">FOR</subfield>
  </datafield>
  <datafield tag="999" ind1=" " ind2=" ">
    <subfield code="c">3102</subfield>
    <subfield code="d">3102</subfield>
  </datafield>
  <datafield tag="952" ind1=" " ind2=" ">
    <subfield code="0">0</subfield>
    <subfield code="1">0</subfield>
    <subfield code="2">ddc</subfield>
    <subfield code="4">0</subfield>
    <subfield code="6">FOR_NGU_1996_000000000000000_B122_OR_1</subfield>
    <subfield code="7">0</subfield>
    <subfield code="9">14655</subfield>
    <subfield code="a">LBB</subfield>
    <subfield code="b">LBB</subfield>
    <subfield code="c">B122</subfield>
    <subfield code="d">2015-11-04</subfield>
    <subfield code="o">FOR NGU 1996 B122 Or.1</subfield>
    <subfield code="p">RUA028684</subfield>
    <subfield code="r">2015-11-04</subfield>
    <subfield code="w">2015-11-04</subfield>
    <subfield code="y">FOR</subfield>
  </datafield>
  <datafield tag="952" ind1=" " ind2=" ">
    <subfield code="0">0</subfield>
    <subfield code="1">0</subfield>
    <subfield code="2">ddc</subfield>
    <subfield code="4">0</subfield>
    <subfield code="6">FOR_NGU_1996_000000000000000_B122_OR_2</subfield>
    <subfield code="7">0</subfield>
    <subfield code="9">14656</subfield>
    <subfield code="a">LBB</subfield>
    <subfield code="b">LBB</subfield>
    <subfield code="c">B122</subfield>
    <subfield code="d">2015-11-04</subfield>
    <subfield code="o">FOR NGU 1996 B122 Or.2</subfield>
    <subfield code="p">RUA028662</subfield>
    <subfield code="r">2015-11-04</subfield>
    <subfield code="w">2015-11-04</subfield>
    <subfield code="y">FOR</subfield>
  </datafield>
  <datafield tag="952" ind1=" " ind2=" ">
    <subfield code="0">0</subfield>
    <subfield code="1">0</subfield>
    <subfield code="2">ddc</subfield>
    <subfield code="4">0</subfield>
    <subfield code="6">FOR_NGU_1996_000000000000000_B122_OR_3</subfield>
    <subfield code="7">0</subfield>
    <subfield code="9">14657</subfield>
    <subfield code="a">LBB</subfield>
    <subfield code="b">LBB</subfield>
    <subfield code="c">B122</subfield>
    <subfield code="d">2015-11-04</subfield>
    <subfield code="o">FOR NGU 1996 B122 Or.3</subfield>
    <subfield code="p">RUA010606</subfield>
    <subfield code="r">2015-11-04</subfield>
    <subfield code="w">2015-11-04</subfield>
    <subfield code="y">FOR</subfield>
  </datafield>
</record>
